000 00423nam a2200181Ia 4500
001 10362
005 20260306161826.0
008 260306t2000||||xx |||||||||||||| ||spa||
041 _aESP
082 _a921.3
_bL22
100 _aLangle, Alfried
_eAUT
245 0 _aViktor Frankl:
_buna biografía
260 _c2000
300 _a267 páginas :
_c22 cm.
650 _aGEN
654 _aCHU
942 _cLIB
_dJUS
_fJUS
_2ddc
_n
999 _c10362
_d10362